| 000 | 00672nam a22002177a 4500 | ||
|---|---|---|---|
| 003 | UA-OsUOA | ||
| 001 | 63987 | ||
| 007 | ta | ||
| 008 | 20091027b un ||||| |||| 00| 0 ukr d | ||
| 090 |
_a343.11 _bС89 |
||
| 942 | _cBK | ||
| 040 |
_aUA-OsUOA _brus _cUA-OsUOA _dUA-OsUOA |
||
| 245 |
_aСудебный процесс по делу верховного главнокомандования Гитлеровского вермахта _cКарева Д. С. |
||
| 300 | _a360 с. | ||
| 955 | _a2 | ||
| 041 | _arus | ||
| 080 | _a343.11 | ||
| 260 |
_aМ. _c1964 |
||
| 650 | 7 |
_a343 Кримінальне право. Карні порушення _2UDC |
|
| 999 |
_c350064 _d350064 |
||